000 00557nam a2200205Ia 4500
005 20240315105046.0
008 131103s9999 xx 000 0 und d
040 _aLoreto College
041 _aEnglish
082 _a371.95
_bHUT
100 _aHutchinson,Michael
245 _aEducating the Intelligent,
_cMichael Hutchinson and Christopher Young
260 _aHarmondsworth
_bPenguin Books
_c1962
300 _a240 p.
504 _aReprinted 1964
650 _aSpecial Education
651 _aGifted Students
850 _aLCLIB
942 _cBK
999 _c10466
_d60945